|
|
|
|
| LEADER |
00000cam a2200000 a 4500 |
| 001 |
vtls011470751 |
| 003 |
SK-MaSNL |
| 005 |
20260512100517.0 |
| 008 |
160204s2014 pl db f n 000 0dpol |
| 020 |
|
|
|a 9788323228707
|q (brožované)
|
| 040 |
|
|
|a SNK
|b slo
|c SNK
|e AACR2
|
| 041 |
0 |
|
|a pol
|
| 043 |
|
|
|a e-pl---
|
| 044 |
|
|
|a pl
|c PL
|
| 072 |
|
7 |
|a 316.3
|x Globálne spoločnosti. Sociálna štruktúra. Sociálne skupiny
|2 konspekt
|
| 072 |
|
7 |
|a 37
|x Výchova a vzdelávanie
|2 konspekt
|
| 080 |
|
|
|a 364.614
|2 2011
|
| 080 |
|
|
|a 316.342.2
|2 2011
|
| 080 |
|
|
|a 37.014.5
|2 2011
|
| 080 |
|
|
|a (082)
|2 2011
|
| 080 |
|
|
|a (438)
|2 2011
|
| 245 |
0 |
0 |
|a Edukacja i nierówność
|b trajektorie sukcesu i marginalizacji
|c redakcja naukowa Agnieszka Gromkowska-Melosik, Mirosław J. Szymański
|
| 250 |
|
|
|a Wyd. 1.
|
| 260 |
|
|
|a Poznań
|b Wydawnictwo naukowe UAM
|c 2014
|
| 300 |
|
|
|a 323 s.
|b grafy, mp., tab.
|c 24 cm
|
| 490 |
1 |
|
|a Uniwersytet im. Adama Mickiewicza w Poznaniu. Psychologia i Pedagogika
|x 0083-4254
|v NR 221
|
| 500 |
|
|
|a Biografické údaje o autoroch
|
| 504 |
|
|
|a Bibliogr. odkazy
|
| 610 |
2 |
7 |
|a Uniwersytet im. Adama Mickiewicza w Poznaniu.
|b Psychologia i Pedagogika
|2 SNKKA
|9 231031
|
| 650 |
0 |
7 |
|a sociálna nerovnosť
|2 SNKPH
|9 23093
|
| 650 |
0 |
7 |
|a Social inequality
|2 SNKPHeng
|9 318480
|
| 650 |
0 |
7 |
|a spoločenské triedy
|2 SNKPH
|9 4868
|
| 650 |
0 |
7 |
|a Social classes
|2 SNKPHeng
|9 329588
|
| 650 |
0 |
7 |
|a vzdelávacia politika
|2 SNKPH
|9 3199
|
| 650 |
0 |
7 |
|a Educational policy
|2 SNKPHeng
|9 323687
|
| 651 |
|
7 |
|a Poľsko
|2 SNKPH
|9 16755
|
| 651 |
|
7 |
|a Poland
|2 SNKPHeng
|9 265193
|
| 655 |
|
7 |
|a zborníky
|2 SNKPH
|9 70165
|
| 655 |
|
7 |
|a Miscellanea
|2 SNKPHeng
|9 265155
|
| 700 |
1 |
|
|a Gromkowska-Melosik, Agnieszka
|4 red
|9 492812
|
| 700 |
1 |
|
|a Szymański, Mirosław J.
|4 red
|9 492813
|
| 752 |
|
|
|a Poľsko
|d Poznaň
|
| 830 |
|
0 |
|a Uniwersytet im. Adama Mickiewicza w Poznaniu
|p Psychologia i Pedagogika
|9 490642
|
| 919 |
|
|
|a 978-83-232-2870-7
|
| 999 |
|
|
|c 763241
|d 765171
|
| 952 |
|
|
|a SNK
|b SNK
|y VYP
|7 0
|p 17A1180155
|o snkIC 142381
|i snk2016/3454
|8 2
|g 8.56
|0 0
|1 0
|4 0
|d 2016-02-04
|l 0
|r 2026-02-24 00:10:46
|w 2026-02-24
|